00510nam a2200205Ia 4500003000400000005001700004008004100021020001500062040000700077041000800084082001700092100002000109245004600129250000600175260004200181300001800223365001300241650002400254650002600278OSt20230327102559.0210423s2007 xx 000 0 und d a8122414664 cAL aeng a332.742 MACH aMACHIRAJU (H R) aMerchant banking: principles and practice a3 aNew DelhibNew American Libraryc2007 a28/8/2008bPB b225cINR aFinancial Economics aInvestment Management